[Event "Asian Continental op 20th"]
[Site "Almaty"]
[Date "2023.06.08"]
[Round "6"]
[White "Pour Agha Bala, Amirreza"]
[Black "Daneshvar, Bardiya"]
[Result "1/2-1/2"]
[WhiteElo "2523"]
[BlackElo "2555"]
[PlyCount "48"]
[EventDate "2023.06.04"]
[EventType "swiss"]
[EventRounds "9"]
[EventCountry "KAZ"]
[SourceTitle "CBM 214 Extra"]
[Source "ChessBase"]
[SourceDate "2023.07.31"]
[SourceVersion "1"]
[SourceVersionDate "2023.07.31"]
[SourceQuality "1"]

1. e4 c6 2. d4 d5 3. exd5 cxd5 4. c4 Nf6 5. Nc3 Nc6 6. Nf3 a6 7. Be3 g6 8. h3 Bg7 9. c5 Ne4 10. Be2 Nxc3 11. bxc3 b6 12. cxb6 Qxb6 13. 0-0 0-0 14. c4 Bf5 15. cxd5 Nb4 16. Qb3 Qd6 17. Rac1 Nxd5 18. Rc5 Be6 19. Bc4 Rab8 20. Qd3 Nxe3 21. Qxe3 Bxc4 22. Rxc4 Rbc8 23. Qc3 Rxc4 24. Qxc4 Rd8 1/2-1/2

[Event "Asian Continental blitz op 20th"]
[Site "Almaty"]
[Date "2023.06.03"]
[Round "3"]
[White "Pour Agha Bala, Amirreza"]
[Black "Puranik, Abhimanyu Sameer"]
[Result "1/2-1/2"]
[WhiteElo "2501"]
[BlackElo "2613"]
[PlyCount "191"]
[EventDate "2023.06.03"]
[EventType "swiss (blitz)"]
[EventRounds "9"]
[EventCountry "KAZ"]
[SourceTitle "CBM 214 Extra"]
[Source "ChessBase"]
[SourceDate "2023.07.31"]
[SourceVersion "1"]
[SourceVersionDate "2023.07.31"]
[SourceQuality "1"]

1. d4 Nf6 2. c4 g6 3. Nc3 d5 4. cxd5 Nxd5 5. e4 Nxc3 6. bxc3 Bg7 7. Be3 c5 8. Qd2 Qa5 9. Nf3 Nc6 10. Rc1 cxd4 11. cxd4 Qxd2+ 12. Kxd2 0-0 13. Bb5 Rd8 14. Bxc6 bxc6 15. Rc5 Rb8 16. Rhc1 Bg4 17. Ne5 Bxe5 18. Rxe5 Rb2+ 19. Rc2 Rxc2+ 20. Kxc2 Be6 21. Ra5 Rd7 22. Kc3 f6 23. Ra6 Rb7 24. d5 Bd7 25. Rxa7 Rxa7 26. Bxa7 cxd5 27. exd5 Kf7 28. Kb4 Ke8 29. a4 Bc8 30. Kc5 Bb7 31. g3 Kd7 32. a5 h5 33. h4 Ba6 34. Bb8 Be2 35. Bf4 Bf1 36. Bd2 Be2 37. Bb4 Bf1 38. Bc3 Be2 39. Bd2 Bf1 40. Bf4 Be2 41. Kb6 Bf3 42. Kc5 Be2 43. d6 exd6+ 44. Bxd6 Bf1 45. Bf4 Be2 46. Bd2 Ke6 47. Kb6 Kd7 48. Bc3 f5 49. a6 Bf3 50. Bd4 Be4 51. Be3 Bf3 52. Kc5 Be2 53. a7 Bf3 54. Kd4 Ke6 55. Bc1 Be4 56. Ke3 Kf6 57. Kf4 Ke6 58. Bb2 Bd5 59. Ke3 Be4 60. Bc3 Ba8 61. Kd4 Bf3 62. Bd2 Ba8 63. Ke3 Ke5 64. Bc3+ Ke6 65. Kf4 Bb7 66. Kg5 Kf7 67. Be5 Ba8 68. Bc7 Bb7 69. Bd6 Ba8 70. Be7 Bb7 71. Kh6 Ba8 72. Bc5 Bb7 73. Kg5 Ba8 74. Kf4 Ke6 75. Ba3 Bb7 76. Ke3 Ba8 77. Kd3 Bf3 78. Kc4 Ba8 79. Kb5 Kd7 80. Bc1 Bf3 81. Kc5 Ba8 82. Kd4 Ke6 83. Ke3 Bb7 84. f3 Ba8 85. Kf4 Bb7 86. Kg5 Kf7 87. Kf4 Ke6 88. g4 fxg4 89. fxg4 hxg4 90. Kxg4 Ba8 91. Kg5 Kf7 92. Be3 Bb7 93. Bg1 Ba8 94. Kf4 Ke6 95. Kg5 Kf7 96. h5 1/2-1/2

[Event "Asian Continental blitz op 20th"]
[Site "Almaty"]
[Date "2023.06.03"]
[Round "9"]
[White "Pour Agha Bala, Amirreza"]
[Black "Sethuraman, SP."]
[Result "0-1"]
[WhiteElo "2501"]
[BlackElo "2626"]
[PlyCount "140"]
[EventDate "2023.06.03"]
[EventType "swiss (blitz)"]
[EventRounds "9"]
[EventCountry "KAZ"]
[SourceTitle "CBM 214 Extra"]
[Source "ChessBase"]
[SourceDate "2023.07.31"]
[SourceVersion "1"]
[SourceVersionDate "2023.07.31"]
[SourceQuality "1"]

1. Nf3 d5 2. g3 c5 3. Bg2 Nc6 4. 0-0 e5 5. d3 Be7 6. c4 d4 7. e3 Nf6 8. exd4 exd4 9. Re1 0-0 10. Ne5 Nxe5 11. Rxe5 Bd6 12. Re1 Bg4 13. Bf3 Qd7 14. Bg5 Qf5 15. Bxg4 Nxg4 16. f3 Nxh2 17. Kxh2 Qxg5 18. f4 Qg6 19. Qf3 Bc7 20. Kg2 Ba5 21. Re2 Rae8 22. Na3 Rxe2+ 23. Qxe2 Qc6+ 24. Qf3 Re8 25. Qxc6 bxc6 26. Kf2 h5 27. Nc2 Rb8 28. b3 Bc3 29. Rg1 Rb6 30. Kf3 Ra6 31. a3 Rb6 32. Rb1 a5 33. Ke4 Kf8 34. Kf5 Ke7 35. Kg5 g6 36. f5 Bd2+ 37. Kh4 Kf6 38. fxg6 fxg6 39. Rf1+ Kg7 40. Rb1 Kh6 41. g4 g5+ 42. Kg3 h4+ 43. Kf3 Kg6 44. b4 cxb4 45. axb4 axb4 46. Nxd4 Bc3 47. Nb3 Rb8 48. d4 Rf8+ 49. Ke3 Re8+ 50. Kd3 h3 51. Rh1 Rh8 52. Na5 h2 53. Nxc6 Rh3+ 54. Ke4 b3 55. d5 b2 56. d6 Be1 57. Rxe1 h1Q+ 58. Rxh1 Rxh1 59. d7 b1Q+ 60. Ke5 Re1+ 61. Kd6 Rd1+ 62. Kc7 Rxd7+ 63. Kxd7 Kf6 64. c5 Qe4 65. Kd6 Qe6+ 66. Kc7 Qxg4 67. Kb6 Qe6 68. Kb7 Qd5 69. Kb6 g4 70. Nb4 Qc4 0-1

[Event "Asian Continental blitz op 20th"]
[Site "Almaty"]
[Date "2023.06.03"]
[Round "5"]
[White "Pour Agha Bala, Amirreza"]
[Black "Vokhidov, Shamsiddin"]
[Result "0-1"]
[WhiteElo "2501"]
[BlackElo "2586"]
[PlyCount "96"]
[EventDate "2023.06.03"]
[EventType "swiss (blitz)"]
[EventRounds "9"]
[EventCountry "KAZ"]
[SourceTitle "CBM 214 Extra"]
[Source "ChessBase"]
[SourceDate "2023.07.31"]
[SourceVersion "1"]
[SourceVersionDate "2023.07.31"]
[SourceQuality "1"]

1. Nf3 Nf6 2. d4 d5 3. c4 e6 4. Nc3 Bb4 5. Bg5 h6 6. Bxf6 Qxf6 7. e3 0-0 8. Rc1 dxc4 9. Bxc4 c5 10. 0-0 cxd4 11. Ne4 Qf5 12. Ng3 Qa5 13. a3 Be7 14. Nxd4 Rd8 15. Qf3 Nd7 16. Ba2 Qb6 17. Rc2 Nf6 18. Rfc1 Bd7 19. Ne4 Nxe4 20. Qxe4 Bf6 21. Bb1 g6 22. Rc7 Rac8 23. Rxc8 Bxc8 24. b4 Bd7 25. Nb3 Bb2 26. Rd1 Bc6 27. Rxd8+ Qxd8 28. Qc2 Bxa3 29. Nd4 Bxb4 30. Nxc6 bxc6 31. g3 c5 32. h4 h5 33. Ba2 Qf6 34. Bc4 a5 35. Kg2 Kg7 36. Bb5 Qe5 37. Bc4 Bc3 38. Qb1 a4 39. Bd3 a3 40. Bc4 Bb4 41. Qc2 Qf6 42. Qe2 Qf5 43. Qa2 Be1 44. f3 Qe5 45. Kf1 Bxg3 46. e4 Qd4 47. Kg2 Bxh4 48. Bb3 Qb2+ 0-1

[Event "IRI-ch 56th"]
[Site "Kerman"]
[Date "2023.05.16"]
[Round "7"]
[White "Omidi, Arya"]
[Black "Pour Agha Bala, Amirreza"]
[Result "0-1"]
[WhiteElo "2350"]
[BlackElo "2501"]
[PlyCount "76"]
[EventDate "2023.05.11"]
[EventType "tourn"]
[EventRounds "13"]
[EventCountry "IRI"]
[EventCategory "5"]
[SourceTitle "CBM 214 Extra"]
[Source "ChessBase"]
[SourceDate "2023.07.31"]
[SourceVersion "1"]
[SourceVersionDate "2023.07.31"]
[SourceQuality "1"]

1. e4 g6 2. d4 Bg7 3. Nc3 d6 4. Be3 a6 5. Qd2 b5 6. 0-0-0 Nd7 7. h4 h5 8. f3 Nb6 9. Nh3 b4 10. Nd5 Nxd5 11. exd5 Nf6 12. Bc4 a5 13. Bg5 Nh7 14. Bh6 Kf8 15. Rdg1 Bxh3 16. Rxh3 Nf6 17. Bxg7+ Kxg7 18. g4 Qd7 19. Qe2 c6 20. dxc6 Qxc6 21. Bd3 Ra7 22. gxh5 Nxh5 23. Qe3 Kf8 24. f4 Qd5 25. Kb1 Ng7 26. Be4 Qc4 27. Rhh1 Rc7 28. Rg5 Nf5 29. Bxf5 gxf5 30. Qd3 Qd5 31. Rhg1 e6 32. h5 Rc4 33. Rd1 Ke7 34. b3 Rc3 35. Qe2 a4 36. Kb2 axb3 37. cxb3 Ra8 38. Rg2 Rxa2+ 0-1

[Event "Yerevan Margaryan Memorial GM"]
[Site "Yerevan"]
[Date "2023.01.12"]
[Round "6"]
[White "Pour Agha Bala, Amirreza"]
[Black "Sychev, Klementy"]
[Result "1/2-1/2"]
[WhiteElo "2496"]
[BlackElo "2556"]
[PlyCount "39"]
[EventDate "2023.01.08"]
[EventType "tourn"]
[EventRounds "9"]
[EventCountry "ARM"]
[EventCategory "9"]
[SourceTitle "CBM 212 Extra"]
[Source "ChessBase"]
[SourceDate "2023.03.31"]
[SourceVersion "1"]
[SourceVersionDate "2023.03.31"]
[SourceQuality "1"]

1. d4 Nf6 2. c4 e6 3. Nf3 d5 4. Nc3 Bb4 5. Bg5 h6 6. Bxf6 Qxf6 7. Qa4+ Nc6 8. e3 0-0 9. Rc1 Rd8 10. a3 Bxc3+ 11. Rxc3 e5 12. cxd5 exd4 13. Nxd4 Nxd4 14. Qxd4 Qxd4 15. exd4 Rxd5 16. Rxc7 Rxd4 17. Bc4 Bd7 18. 0-0 Rc8 19. Rxc8+ Bxc8 20. Rc1 1/2-1/2

[Event "Yerevan Margaryan Memorial GM"]
[Site "Yerevan"]
[Date "2023.01.11"]
[Round "5"]
[White "Lobanov, Sergei"]
[Black "Pour Agha Bala, Amirreza"]
[Result "1/2-1/2"]
[WhiteElo "2540"]
[BlackElo "2496"]
[PlyCount "133"]
[EventDate "2023.01.08"]
[EventType "tourn"]
[EventRounds "9"]
[EventCountry "ARM"]
[EventCategory "9"]
[SourceTitle "CBM 212 Extra"]
[Source "ChessBase"]
[SourceDate "2023.03.31"]
[SourceVersion "1"]
[SourceVersionDate "2023.03.31"]
[SourceQuality "1"]

1. d4 d5 2. c4 dxc4 3. Nf3 Nf6 4. e3 a6 5. Bxc4 e6 6. 0-0 c5 7. b3 Nbd7 8. Bb2 Bd6 9. Nbd2 0-0 10. a4 cxd4 11. Nxd4 Ne5 12. Be2 Qe7 13. f4 Ng6 14. Nc4 Bc5 15. Kh1 Bd7 16. a5 Rad8 17. Qe1 Nd5 18. Qg3 Qh4 19. Qf3 Bxd4 20. Bxd4 Bc6 21. Qg3 Nf6 22. Bf3 Qxg3 23. hxg3 Bxf3 24. gxf3 Rd5 25. Kg2 Ne7 26. b4 Nc6 27. Bc5 Rfd8 28. e4 Rd3 29. Ne5 Nxe5 30. fxe5 Nd7 31. Be7 Re8 32. Bd6 Rc8 33. Rac1 Rdc3 34. Rxc3 Rxc3 35. Rd1 h6 36. f4 Rc8 37. Kf3 Rc3+ 38. Kg4 Rc8 39. Rd3 Kh7 40. Kf3 Kg6 41. g4 Kh7 42. Ke3 g5 43. f5 h5 44. gxh5 Kh6 45. Rd1 Rc3+ 46. Kd4 Rf3 47. Be7 g4 48. fxe6 fxe6 49. Kc4 Nxe5+ 50. Kc5 g3 51. Kb6 Rf7 52. Bd6 Nc4+ 53. Kc5 Nxd6 54. Kxd6 Rf4 55. Rg1 Rxe4 56. Rxg3 Rxb4 57. Kxe6 Rb5 58. Rg6+ Kxh5 59. Rg7 Kh6 60. Rc7 Kg6 61. Rd7 Kg5 62. Rd5+ Rxd5 63. Kxd5 Kf6 64. Kd6 Kf7 65. Kc7 Ke7 66. Kxb7 Kd7 67. Kxa6 1/2-1/2

[Event "Yerevan op-A 4th"]
[Site "Yerevan"]
[Date "2022.10.13"]
[Round "4"]
[White "Sivuk, Vitaly"]
[Black "Pour Agha Bala, Amirreza"]
[Result "1/2-1/2"]
[WhiteElo "2600"]
[BlackElo "2447"]
[PlyCount "230"]
[EventDate "2022.10.10"]
[EventType "swiss"]
[EventRounds "9"]
[EventCountry "ARM"]
[SourceTitle "CBM 210 Extra"]
[Source "ChessBase"]
[SourceDate "2022.11.30"]
[SourceVersion "1"]
[SourceVersionDate "2022.11.30"]
[SourceQuality "1"]

1. d4 d5 2. Nf3 Nf6 3. c4 c6 4. e3 Bg4 5. h3 Bxf3 6. Qxf3 e6 7. Bd3 Bb4+ 8. Nc3 Nbd7 9. 0-0 0-0 10. a3 Bxc3 11. bxc3 Rc8 12. a4 Re8 13. Qd1 c5 14. cxd5 exd5 15. a5 Ne4 16. Ra3 Rc6 17. f3 Nd6 18. Ra2 Nf6 19. Re1 cxd4 20. cxd4 Nc4 21. Qa4 Qc7 22. Bf1 Rc8 23. Qb4 h6 24. e4 Nxa5 25. Bxh6 gxh6 26. Qxa5 Qg3 27. Qd2 Rc2 28. Rxc2 Rxc2 29. Qxc2 Qxe1 30. e5 Nh7 31. f4 a5 32. Qc8+ Nf8 33. Qg4+ Kh8 34. Qf3 Ne6 35. Qxd5 Qe3+ 36. Kh1 Qxf4 37. Be2 a4 38. Qxb7 Kg7 39. Bh5 Nxd4 40. Qa7 Nb5 41. Qd7 a3 42. Bxf7 Qxf7 43. Qxb5 a2 44. Qa6 Qd5 45. Qf6+ Kg8 46. Qg6+ Kf8 47. Qf6+ Qf7 48. Qa6 Qd5 49. Qf6+ Ke8 50. e6 Qd1+ 51. Kh2 Qd6+ 52. Kh1 Qf8 53. Qd4 Qf1+ 54. Kh2 Kf8 55. Qb4+ Kg8 56. e7 Kf7 57. Qb3+ Kxe7 58. Qxa2 Kf8 59. Qa3+ Kg7 60. Qe7+ Kh8 61. Kg3 Kg8 62. Qe6+ Kh7 63. Qe4+ Kg7 64. Kg4 Qd1+ 65. Qf3 Qd7+ 66. Qf5 Qd1+ 67. Kg3 Qd6+ 68. Qf4 Qd3+ 69. Kh2 Qc2 70. h4 Qd1 71. Qe5+ Kg6 72. Qe4+ Kg7 73. Kh3 Qd2 74. Qg4+ Kh7 75. Qf5+ Kg7 76. Qe5+ Kh7 77. g3 Qd7+ 78. Kg2 Qd2+ 79. Kf3 Qd3+ 80. Kf4 Qf1+ 81. Kg4 Qd1+ 82. Kf5 Qh5+ 83. Kf4 Qd1 84. Qe7+ Kg8 85. Qe6+ Kh7 86. Qf5+ Kh8 87. Qe5+ Kh7 88. Qe4+ Kg7 89. Ke5 Qh5+ 90. Kd6 Qd1+ 91. Ke7 Qc1 92. Qe5+ Kh7 93. Qf5+ Kg7 94. Qe5+ Kh7 95. Kf6 Qc6+ 96. Kf7 Qc4+ 97. Kf8 Qf1+ 98. Ke8 Qc1 99. Qe7+ Kg8 100. Qe6+ Kg7 101. g4 Qa1 102. Qd7+ Kg8 103. Qd5+ Kg7 104. Qf7+ Kh8 105. Qf5 Kg7 106. Qd7+ Kg8 107. h5 Qe5+ 108. Kd8 Kf8 109. Kc8 Qe8+ 110. Kc7 Qe3 111. Qf5+ Ke7 112. Qh7+ Kf6 113. Qg6+ Ke7 114. Qh7+ Kf6 115. Qg6+ Ke7 1/2-1/2

[Event "Istanbul op"]
[Site "Istanbul"]
[Date "2022.08.13"]
[Round "7"]
[White "Pour Agha Bala, Amirreza"]
[Black "Saydaliev, Saidakbar"]
[Result "1-0"]
[WhiteElo "2436"]
[BlackElo "2348"]
[PlyCount "63"]
[EventDate "2022.08.08"]
[EventType "swiss"]
[EventRounds "9"]
[EventCountry "TUR"]
[SourceTitle "CBM 209 Extra"]
[Source "ChessBase"]
[SourceDate "2022.09.30"]
[SourceVersion "1"]
[SourceVersionDate "2022.09.30"]
[SourceQuality "1"]

1. c4 Nf6 2. Nc3 c5 3. e4 Nc6 4. Nge2 g6 5. d4 d6 6. d5 Na5 7. Ng3 Bg7 8. Bd3 e5 9. Nf1 a6 10. Ne3 0-0 11. 0-0 Bd7 12. a3 b6 13. Rb1 Nb7 14. Qe2 Ra7 15. Bd2 Nh5 16. g3 Bh3 17. Rfe1 Qe8 18. Nf5 Qd7 19. f4 Nxf4 20. gxf4 gxf5 21. Kh1 fxe4 22. Nxe4 f5 23. Nf2 Bg4 24. Nxg4 fxg4 25. Rg1 Kh8 26. Rxg4 Bf6 27. Rbg1 Nd8 28. fxe5 dxe5 29. Bh6 Re8 30. Qg2 Qf7 31. Rf1 Rae7 32. Bg5 1-0

[Event "Titled Tuesday intern op 07th Dec"]
[Site "Chess.com INT"]
[Date "2021.12.07"]
[Round "2"]
[White "Pour Agha Bala, Amirreza"]
[Black "Hasangatin, Ramil"]
[Result "1-0"]
[WhiteElo "2430"]
[BlackElo "2479"]
[PlyCount "105"]
[EventDate "2021.12.07"]
[EventType "swiss (blitz)"]
[EventRounds "11"]
[EventCountry "USA"]
[SourceTitle "CBM 205 Extra"]
[Source "ChessBase"]
[SourceDate "2022.01.31"]
[SourceVersion "1"]
[SourceVersionDate "2022.01.31"]
[SourceQuality "1"]

1. d4 Nf6 2. c4 d6 3. Nf3 g6 4. Nc3 Bf5 5. g3 Bg7 6. Bg2 Ne4 7. Nd2 Nxc3 8. bxc3 c6 9. e4 Be6 10. 0-0 0-0 11. f4 c5 12. f5 Bc8 13. Nb3 Nc6 14. Be3 b6 15. g4 Ba6 16. Qe2 Rc8 17. h4 cxd4 18. cxd4 Nxd4 19. Nxd4 Bxc4 20. Qf3 Bxf1 21. Rxf1 Rc3 22. Ne2 Ra3 23. g5 Rxa2 24. f6 exf6 25. Nc3 Ra3 26. Nd5 fxg5 27. hxg5 b5 28. Nf6+ Kh8 29. Rd1 Qe7 30. Qf4 b4 31. Bd4 b3 32. e5 dxe5 33. Bxe5 Ra5 34. Bd5 Rd8 35. Bc3 Raxd5 36. Nxd5 Qc5+ 37. Kh2 Bxc3 38. Nxc3 Rxd1 39. Nxd1 Qc2+ 40. Nf2 Qf5 41. Qd4+ Kg8 42. Ng4 Kf8 43. Qd8+ Kg7 44. Qd4+ Kf8 45. Nf6 Qc8 46. Nd7+ Ke7 47. Nf6 Qc2+ 48. Kg3 Qc7+ 49. Kf3 Qd6 50. Qe4+ Kd8 51. Qa8+ Kc7 52. Ne8+ Kd7 53. Nxd6 1-0

[Event "Titled Tuesday intern op 07th Dec"]
[Site "Chess.com INT"]
[Date "2021.12.07"]
[Round "8"]
[White "Pour Agha Bala, Amirreza"]
[Black "Horvath, Dominik"]
[Result "1-0"]
[WhiteElo "2430"]
[BlackElo "2478"]
[PlyCount "149"]
[EventDate "2021.12.07"]
[EventType "swiss (blitz)"]
[EventRounds "11"]
[EventCountry "USA"]
[SourceTitle "CBM 205 Extra"]
[Source "ChessBase"]
[SourceDate "2022.01.31"]
[SourceVersion "1"]
[SourceVersionDate "2022.01.31"]
[SourceQuality "1"]

1. d4 Nf6 2. c4 e6 3. Nf3 d5 4. g3 Be7 5. cxd5 exd5 6. Bg2 0-0 7. 0-0 c6 8. Qc2 Bg4 9. Nc3 Nbd7 10. h3 Bh5 11. Bf4 Bg6 12. Qb3 Qb6 13. Qxb6 axb6 14. Nh4 b5 15. Nxg6 hxg6 16. a3 Rfe8 17. Rfe1 Bf8 18. e4 dxe4 19. Nxe4 Nxe4 20. Bxe4 Nf6 21. Bf3 Rad8 22. Rxe8 Nxe8 23. Rd1 Nf6 24. Bg5 Be7 25. Kf1 Kf8 26. Ke2 Nd5 27. Bd2 Bf6 28. Ba5 Ra8 29. Be1 Re8+ 30. Kd3 Rd8 31. Ba5 Ra8 32. Bd2 Rd8 33. Be3 Nxe3 34. fxe3 c5 35. Bxb7 cxd4 36. e4 Be5 37. g4 Rd6 38. Bd5 Rf6 39. Ke2 Bg3 40. Rxd4 Rf2+ 41. Kd3 Be5 42. Rb4 Rxb2 43. Bb3 Bd6 44. Rxb5 Bxa3 45. Rb8+ Ke7 46. Rb7+ Kd6 47. Kc3 Rb1 48. Rxf7 Rh1 49. Rxg7 Rxh3+ 50. Kc4 Bb2 51. Rxg6+ Ke5 52. g5 Kxe4 53. Bc2+ Kf4 54. Bd3 Rg3 55. Rf6+ Kxg5 56. Rf1 Be5 57. Rf5+ Kg4 58. Rxe5 Rg1 59. Kd4 Ra1 60. Ke3 Ra3 61. Rb5 Kg3 62. Rg5+ Kh3 63. Rg8 Rb3 64. Ke4 Kh2 65. Be2 Rg3 66. Ra8 Kg2 67. Kf4 Rb3 68. Ra2 Rb4+ 69. Ke3 Kg3 70. Ra1 Kh4 71. Rg1 Rb3+ 72. Bd3 Kh3 73. Ke4 Ra3 74. Rg8 Kh2 75. Ke3 1-0

[Event "Titled Tuesday intern op 30th Nov"]
[Site "Chess.com INT"]
[Date "2021.11.30"]
[Round "3"]
[White "Pour Agha Bala, Amirreza"]
[Black "Gunduz, Umut Erdem"]
[Result "1-0"]
[WhiteElo "2430"]
[BlackElo "2230"]
[PlyCount "69"]
[EventDate "2021.11.30"]
[EventType "swiss (blitz)"]
[EventRounds "11"]
[EventCountry "USA"]
[SourceTitle "CBM 205 Extra"]
[Source "ChessBase"]
[SourceDate "2022.01.31"]
[SourceVersion "1"]
[SourceVersionDate "2022.01.31"]
[SourceQuality "1"]

1. c4 c5 2. Nc3 Nc6 3. e4 g6 4. g3 Bg7 5. Bg2 d6 6. Nge2 Nd4 7. d3 e6 8. 0-0 Ne7 9. f4 0-0 10. Be3 Nec6 11. g4 f5 12. g5 Nxe2+ 13. Qxe2 Nd4 14. Qd2 Rb8 15. Ne2 b5 16. Bxd4 cxd4 17. b3 bxc4 18. bxc4 Bb7 19. exf5 Bxg2 20. Kxg2 Rxf5 21. Ng3 Qa5 22. Qe2 Rf7 23. Rab1 Re8 24. Ne4 Qd8 25. c5 dxc5 26. Rbc1 e5 27. fxe5 Rxf1 28. Qxf1 Rxe5 29. h4 h6 30. Qf4 hxg5 31. hxg5 Rf5 32. Qd2 Qf8 33. Qa5 c4 34. Qa6 cxd3 35. Rc8 1-0

[Event "Titled Tuesday intern op 30th Nov"]
[Site "Chess.com INT"]
[Date "2021.11.30"]
[Round "6"]
[White "Pour Agha Bala, Amirreza"]
[Black "Mirzoev, Azer"]
[Result "1/2-1/2"]
[WhiteElo "2430"]
[BlackElo "2420"]
[PlyCount "144"]
[EventDate "2021.11.30"]
[EventType "swiss (blitz)"]
[EventRounds "11"]
[EventCountry "USA"]
[SourceTitle "CBM 205 Extra"]
[Source "ChessBase"]
[SourceDate "2022.01.31"]
[SourceVersion "1"]
[SourceVersionDate "2022.01.31"]
[SourceQuality "1"]

1. d4 d5 2. c4 e6 3. Nc3 a6 4. cxd5 exd5 5. Nf3 c6 6. e4 dxe4 7. Nxe4 Nf6 8. Bg5 Bb4+ 9. Nc3 0-0 10. Bd3 Re8+ 11. Be3 Nbd7 12. 0-0 Nf8 13. Qc2 h6 14. h3 Be6 15. Bf5 Bxf5 16. Qxf5 Nd5 17. Nxd5 Qxd5 18. Qxd5 cxd5 19. Rac1 Rac8 20. Ne5 Ne6 21. Nd3 Bd6 22. g3 Rc4 23. Rxc4 dxc4 24. Nc5 Nxc5 25. dxc5 Bxg3 26. Rc1 Re4 27. Kg2 Be5 28. Rc2 f5 29. Bc1 c3 30. bxc3 Rc4 31. Bb2 Rxc5 32. Kf3 b5 33. Rd2 Bxc3 34. Rd8+ Kh7 35. Bc1 Bf6 36. Rd1 Rc3+ 37. Kg2 Rc2 38. a3 Kg6 39. Bf4 Rc4 40. Be3 Rc3 41. Bc1 a5 42. Bb2 Rb3 43. Bxf6 Kxf6 44. a4 bxa4 45. Rd5 Ra3 46. Rxa5 Ra1 47. h4 a3 48. Ra6+ Ke5 49. Ra5+ Ke4 50. Ra4+ Kd3 51. h5 a2 52. Kf3 Kc3 53. Ra7 Kb3 54. Rb7+ Kc4 55. Ra7 Kd5 56. Kf4 Rh1 57. Ra5+ Ke6 58. Ra6+ Kf7 59. Rxa2 Rxh5 60. Ke5 Kg6 61. Ra6+ Kh7 62. f4 Rh1 63. Kxf5 Rb1 64. Ke4 Rb5 65. f5 Rb4+ 66. Ke5 Rb5+ 67. Ke4 Rb1 68. Kf4 Rf1+ 69. Ke5 Re1+ 70. Kf4 Rf1+ 71. Ke5 Re1+ 72. Kf4 Rf1+ 1/2-1/2

[Event "Titled Tuesday intern op 30th Nov"]
[Site "Chess.com INT"]
[Date "2021.11.30"]
[Round "5"]
[White "Pour Agha Bala, Amirreza"]
[Black "Szpar, Milosz"]
[Result "1/2-1/2"]
[WhiteElo "2430"]
[BlackElo "2418"]
[PlyCount "61"]
[EventDate "2021.11.30"]
[EventType "swiss (blitz)"]
[EventRounds "11"]
[EventCountry "USA"]
[SourceTitle "CBM 205 Extra"]
[Source "ChessBase"]
[SourceDate "2022.01.31"]
[SourceVersion "1"]
[SourceVersionDate "2022.01.31"]
[SourceQuality "1"]

1. d4 Nf6 2. c4 c5 3. d5 e6 4. Nc3 exd5 5. cxd5 d6 6. e4 g6 7. f4 Bg7 8. Bb5+ Nfd7 9. a4 0-0 10. Nf3 Na6 11. 0-0 Nb4 12. Be3 a6 13. Be2 Re8 14. Nd2 f5 15. Nc4 Nb6 16. Nxb6 Qxb6 17. a5 Qa7 18. Bf3 fxe4 19. Bxe4 Bd4 20. Re1 Bf5 21. Bxd4 cxd4 22. Na4 Rxe4 23. Rxe4 Bxe4 24. Qe1 d3+ 25. Nb6 Nc2 26. Qxe4 Nxa1 27. Qe6+ Kg7 28. Qe7+ Kg8 29. Qe6+ Kg7 30. Qe7+ Kg8 31. Qe6+ 1/2-1/2

[Event "Titled Tuesday intern op 16th Nov"]
[Site "Chess.com INT"]
[Date "2021.11.16"]
[Round "11"]
[White "Sarana, Alexey"]
[Black "Pour Agha Bala, Amirreza"]
[Result "1-0"]
[WhiteElo "2656"]
[BlackElo "2430"]
[PlyCount "79"]
[EventDate "2021.11.16"]
[EventType "swiss (blitz)"]
[EventRounds "11"]
[EventCountry "USA"]
[SourceTitle "CBM 205 Extra"]
[Source "ChessBase"]
[SourceDate "2022.01.31"]
[SourceVersion "1"]
[SourceVersionDate "2022.01.31"]
[SourceQuality "1"]

1. e4 c5 2. Nf3 Nc6 3. c3 d5 4. exd5 Qxd5 5. d4 e5 6. Nxe5 Nxe5 7. dxe5 Qxe5+ 8. Be3 Bd7 9. Nd2 Nf6 10. Qb3 Qc7 11. 0-0-0 Be7 12. h3 0-0 13. g4 a5 14. g5 a4 15. Qc4 Be6 16. Qf4 Qxf4 17. Bxf4 Nd5 18. Bg3 Bxg5 19. h4 Bxd2+ 20. Rxd2 a3 21. Bd3 axb2+ 22. Kxb2 Rfd8 23. Rhd1 Re8 24. Bb5 Nb6 25. Kc1 Rf8 26. Rd6 Na4 27. Be5 b6 28. Rg1 g6 29. h5 Bxa2 30. Bf6 Rae8 31. Bxa4 Re2 32. f4 Re4 33. Bc2 Rxf4 34. Bg5 Rf3 35. Kb2 Bc4 36. Bh6 Ra8 37. Rgd1 f5 38. Rd7 Rf2 39. Rg7+ Kf8 40. Ra7+ 1-0

[Event "Yerevan op-A 3rd"]
[Site "Yerevan"]
[Date "2021.10.16"]
[Round "3"]
[White "Pour Agha Bala, Amirreza"]
[Black "Puranik, Abhimanyu Sameer"]
[Result "1/2-1/2"]
[WhiteElo "2432"]
[BlackElo "2568"]
[PlyCount "97"]
[EventDate "2021.10.14"]
[EventType "swiss"]
[EventRounds "9"]
[EventCountry "ARM"]
[SourceTitle "CBM 204 Extra"]
[Source "ChessBase"]
[SourceDate "2021.11.30"]
[SourceVersion "1"]
[SourceVersionDate "2021.11.30"]
[SourceQuality "1"]

1. d4 Nf6 2. c4 g6 3. Nc3 d5 4. cxd5 Nxd5 5. Bd2 Bg7 6. e4 Nb6 7. Be3 0-0 8. Bb5 Be6 9. Nf3 Nc4 10. Bxc4 Bxc4 11. Qa4 Be6 12. 0-0 c6 13. Ng5 Bd7 14. Qb3 Qb6 15. Qa3 a5 16. Qxe7 Qb4 17. Qxb4 axb4 18. Ne2 Re8 19. Ng3 c5 20. Rfd1 h6 21. Nf3 Bg4 22. dxc5 Bxb2 23. Rab1 Bc3 24. Ne2 Rxa2 25. Nxc3 bxc3 26. Rdc1 c2 27. Rxb7 Rd8 28. Ne1 Na6 29. f3 Rd1 30. Kf2 Rxc1 31. Bxc1 Ra1 32. Bxh6 Bc8 33. Re7 Kh7 34. Be3 c1Q 35. Bxc1 Rxc1 36. Rxf7+ Kg8 37. Ra7 Nxc5 38. h4 Be6 39. Re7 Kf8 40. Ra7 Rb1 41. Ra3 Rc1 42. Re3 Bc4 43. g4 Ne6 44. Ng2 Rf1+ 45. Kg3 Rg1 46. Kh2 Rf1 47. Kg3 Rg1 48. Kh2 Rf1 49. Kg3 1/2-1/2